Report on the working of the factories act in the state of Madras, 1949 (Record no. 508311)

000 -LEADER
fixed length control field 00537cam a22001337a 4500
008 - FIXED-LENGTH DATA ELEMENTS--GENERAL INFORMATION
fixed length control field 180718b1950 xxu||||| |||| 00| 0 eng d
082 ## - DEWEY DECIMAL CLASSIFICATION NUMBER
Classification number R603x5452 M267/1948/1949
100 ## - MAIN ENTRY--PERSONAL NAME
Personal name Tamil Nadu. Department of Industries, Labour and Co-Operation
9 (RLIN) 3559
245 ## - TITLE STATEMENT
Title Report on the working of the factories act in the state of Madras, 1949
Statement of responsibility, etc by Department of Industries, Labour and Co-Operation
260 ## - PUBLICATION, DISTRIBUTION, ETC. (IMPRINT)
Place of publication, distribution, etc Madras
Name of publisher, distributor, etc Government Press
Date of publication, distribution, etc 1950
300 ## - PHYSICAL DESCRIPTION
Extent v.p.
500 ## - GENERAL NOTE
General note Contents: Library has 1949, 1955, 1963, 1954, 1956, 1958
942 ## - ADDED ENTRY ELEMENTS (KOHA)
Source of classification or shelving scheme
Holdings
Withdrawn status Lost status Source of classification or shelving scheme Damaged status Koha normalized classification for sorting Not for loan Permanent location Current location Date acquired Full call number Barcode Date last seen Price effective from Koha item type
        R_603X5452_M267_1948_194900000000000   Indian Institute of Public Administration Indian Institute of Public Administration 2019-03-19 R603x5452 M267/1948/1949 GG33629 2019-03-19 2019-03-19 GG

Powered by Koha